Il procurator
Gespeichert in:
| 1. Verfasser: | |
|---|---|
| Format: | Buch |
| Sprache: | Italienisch |
| Veröffentlicht: |
Milán
Dott. A. Giuffrè
1947
|
| Schriftenreihe: | Pubblicazioni dell'Istituto di Diritto Romano, dei Diritti dell'Oriente Mediterraneo e di Storia del Diritto
|
| Schlagworte: | |
| Tags: |
Tag hinzufügen
Keine Tags, Fügen Sie den ersten Tag hinzu!
|
MARC
| LEADER | 00000nam a2200000 a 4500 | ||
|---|---|---|---|
| 001 | UCR1263 | ||
| 003 | CL-VaPUC | ||
| 008 | 971212e19470000IT |||||||||||||||||ita|d | ||
| 082 | 0 | 4 | |a 340.54 |b SER |2 21 |
| 100 | 0 | |a Serrao, Feliciano |e author |9 398316 | |
| 245 | 1 | 3 | |a Il procurator |
| 300 | |a 195 p | ||
| 942 | |c BK | ||
| 945 | |d 19971212 00:00:00 |a aolguin | ||
| 260 | |a Milán |b Dott. A. Giuffrè |c 1947 | ||
| 650 | 0 | |a Derecho romano |9 255930 | |
| 650 | 7 | |a PROCURADORES |2 CL-VaPUC |9 387676 | |
| 650 | 7 | |a PROCUDARURIA |2 CL-VaPUC |9 398317 | |
| 650 | 7 | |a ORIGEN |2 CL-VaPUC |9 373505 | |
| 650 | 0 | |a Potestad administrativa |9 384513 | |
| 650 | 7 | |a PROCESO |2 CL-VaPUC |9 335377 | |
| 650 | 0 | |a Derecho justiniano |9 397596 | |
| 650 | 0 | |a Mandato |9 385834 | |
| 650 | 0 | |a Responsabilidad |9 308399 | |
| 583 | |a last modification |c 19971212 00:00:00 |k Rodrigo Vera | ||
| 490 | 0 | |a Pubblicazioni dell'Istituto di Diritto Romano, dei Diritti dell'Oriente Mediterraneo e di Storia del Diritto | |
| 999 | |c 264738 |d 264736 | ||
| 952 | |0 0 |1 0 |4 0 |6 340_540000000000000_SER_1947 |7 0 |8 DER_ROM |9 295145 |a BIBDER |b BIBDER |d 2019-11-19 |i 1918745 |o 340.54 SER 1947 |p 1918745 |r 2023-01-25 |w 2019-11-19 |x Ubicación 4to piso |y BK |z Este recurso debe solicitarse con anticipación |k DER | ||